| 000 | 00496 a2200133 4500 | ||
|---|---|---|---|
| 001 | 91222 | ||
| 082 | _aPR 1126 | ||
| 090 |
_c43306 _d43306 |
||
| 100 | _aRizwan Majeed; Prof Ejaz Yaqub and Adil Jalil (Advisors) | ||
| 245 |
_aEngine and Arm R.P.M. Indication in Control Cabin 'its Calibration harmonization of R.P.M & Throtal Control & Remaining Works of Power Plant of CAE Centrifuge _n38 "A" EC |
||
| 260 |
_aKarachi _bNED University _c1993 |
||
| 300 | _avii;29p | ||
| 500 | _aBE Project Reports | ||
| 942 |
_aCAE NUST _kPR 1126 |
||
| 999 |
_c326295 _d326295 |
||